<?xml version="1.0" encoding="UTF-8"?>
<record
    xmlns:xsi="http://www.w3.org/2001/XMLSchema-instance"
    xsi:schemaLocation="http://www.loc.gov/MARC21/slim http://www.loc.gov/standards/marcxml/schema/MARC21slim.xsd"
    xmlns="http://www.loc.gov/MARC21/slim">

  <leader>00397nam a22001217a 4500</leader>
  <datafield tag="040" ind1=" " ind2=" ">
    <subfield code="c">HS</subfield>
  </datafield>
  <datafield tag="082" ind1=" " ind2=" ">
    <subfield code="a">554</subfield>
  </datafield>
  <datafield tag="100" ind1=" " ind2=" ">
    <subfield code="a">IAN G. BAIRD</subfield>
  </datafield>
  <datafield tag="245" ind1=" " ind2=" ">
    <subfield code="a">The Kavet and the Kreung : observations of livelihoods and natural resources in two highlander villages in the districts of Veun Say and Ta Veng, Ratanakhiri Province, Cambodia</subfield>
  </datafield>
  <datafield tag="260" ind1=" " ind2=" ">
    <subfield code="a">Cambodia</subfield>
    <subfield code="b">IAN G. BAIRD</subfield>
    <subfield code="c">NA</subfield>
  </datafield>
  <datafield tag="300" ind1=" " ind2=" ">
    <subfield code="a">88p;</subfield>
  </datafield>
  <datafield tag="942" ind1=" " ind2=" ">
    <subfield code="c">EK</subfield>
  </datafield>
  <datafield tag="999" ind1=" " ind2=" ">
    <subfield code="c">9649</subfield>
    <subfield code="d">9649</subfield>
  </datafield>
  <datafield tag="952" ind1=" " ind2=" ">
    <subfield code="0">0</subfield>
    <subfield code="1">0</subfield>
    <subfield code="4">0</subfield>
    <subfield code="6">554_000000000000000_IAN_NA</subfield>
    <subfield code="7">0</subfield>
    <subfield code="9">51731</subfield>
    <subfield code="a">LBC</subfield>
    <subfield code="b">LBC</subfield>
    <subfield code="c">C161</subfield>
    <subfield code="d">2016-09-06</subfield>
    <subfield code="o">554 IAN NA</subfield>
    <subfield code="p">A01381</subfield>
    <subfield code="r">2016-09-06</subfield>
    <subfield code="y">EK</subfield>
  </datafield>
  <datafield tag="952" ind1=" " ind2=" ">
    <subfield code="0">0</subfield>
    <subfield code="1">0</subfield>
    <subfield code="4">0</subfield>
    <subfield code="6">554_000000000000000_IAN_NA_C161</subfield>
    <subfield code="7">0</subfield>
    <subfield code="9">52166</subfield>
    <subfield code="a">LBC</subfield>
    <subfield code="b">LBC</subfield>
    <subfield code="c">C161</subfield>
    <subfield code="d">2016-09-15</subfield>
    <subfield code="o">554 IAN NA C161</subfield>
    <subfield code="p">RUA045167</subfield>
    <subfield code="r">2016-10-12</subfield>
    <subfield code="y">EK</subfield>
  </datafield>
  <datafield tag="952" ind1=" " ind2=" ">
    <subfield code="0">0</subfield>
    <subfield code="1">0</subfield>
    <subfield code="4">0</subfield>
    <subfield code="6">554_000000000000000_IAN_NA_C161</subfield>
    <subfield code="7">0</subfield>
    <subfield code="9">56905</subfield>
    <subfield code="a">LBC</subfield>
    <subfield code="b">LBC</subfield>
    <subfield code="c">C161</subfield>
    <subfield code="d">2016-11-17</subfield>
    <subfield code="o">554 IAN NA C161</subfield>
    <subfield code="p">RUA045301</subfield>
    <subfield code="r">2016-11-17</subfield>
    <subfield code="w">2016-11-17</subfield>
    <subfield code="y">EK</subfield>
  </datafield>
</record>
